قمر ریس : (Record no. 106813)

MARC details
000 -LEADER
fixed length control field 00868nam a22002537a 4500
005 - DATE AND TIME OF LATEST TRANSACTION
control field 20170123162317.0
010 ## - LIBRARY OF CONGRESS CONTROL NUMBER
LC control number A-940938
020 ## - INTERNATIONAL STANDARD BOOK NUMBER
Terms of availability 250.00
035 ## - SYSTEM CONTROL NUMBER
System control number A-940938
037 ## - SOURCE OF ACQUISITION
Source of stock number/acquisition Cen Lib/Ret
040 ## - CATALOGING SOURCE
Original cataloging agency DPL
Language of cataloging UR
082 ## - DEWEY DECIMAL CLASSIFICATION NUMBER
Classification number 840.92
Item number ق م ر
245 ## - TITLE STATEMENT
Title قمر ریس :
Statement of responsibility, etc مراتب سلما شاہین
Remainder of title ایک زندگی /
246 ## - VARYING FORM OF TITLE
Title proper/short title Qamar rayis : ek zindagi /
Remainder of title edited by Sulema Shaheen
260 ## - PUBLICATION, DISTRIBUTION, ETC. (IMPRINT)
Place of publication, distribution, etc کراچی
Name of publisher, distributor, etc تخلیکار پبلشرس
Date of publication, distribution, etc 1998
270 ## - ADDRESS
City کراچی
Address 1779, کچہ دکھنی رہے دریاگنج
Postal code 110002
300 ## - PHYSICAL DESCRIPTION
Extent 477p.
Dimensions 21cm(Hb)
650 ## - SUBJECT ADDED ENTRY--TOPICAL TERM
Topical term or geographic name as entry element ادب - اردو
Form subdivision
9 (RLIN) 115297
650 ## - SUBJECT ADDED ENTRY--TOPICAL TERM
Topical term or geographic name as entry element اردو سوانح عمری
9 (RLIN) 115298
650 ## - SUBJECT ADDED ENTRY--TOPICAL TERM
Topical term or geographic name as entry element Literature -- Urdu
9 (RLIN) 115299
650 ## - SUBJECT ADDED ENTRY--TOPICAL TERM
Topical term or geographic name as entry element Urdu biography
9 (RLIN) 511
700 ## - ADDED ENTRY--PERSONAL NAME
Personal name سلما شاہین
9 (RLIN) 115300
942 ## - ADDED ENTRY ELEMENTS (KOHA)
Source of classification or shelving scheme Dewey Decimal Classification
Koha item type Urdu Bks
Classification part 840.92
Call number suffix ق م ر
Holdings
Withdrawn status Lost status Damaged status Not for loan Home library Current library Date acquired Source of acquisition Cost, normal purchase price Total Checkouts Full call number Barcode Date last seen Copy number Cost, replacement price Price effective from Koha item type
        Central Library Central Library 29/12/2015 Cen Lib/Ret 250.00   840.92 ق م ر A-940938 29/12/2015 1 250.00 29/12/2015 Urdu Bks

© Delhi Public Library
Hit Counter
free hit counter